Statistics for Famous U.S. Cities by Picture

Click here to take the quiz!

General Stats

  • This quiz has been taken 53 times
  • The average score is 9 of 18

Answer Stats

Answer% Correct
New York
96%
Washington D.C.
89%
Las Vegas
87%
Los Angeles
87%
Chicago
78%
Phoenix
64%
Houston
58%
Honolulu
53%
San Francisco
47%
Philadelphia
42%
Boston
38%
Buffalo
38%
Miami
24%
Austin
20%
Pittsburgh
20%
Sacramento
13%
New Orleans
7%
San Antonio
7%

Score Distribution

Percentile by Number Answered

Percent of People with Each Score

Your Score History

You have not taken this quiz